<?xml version="1.0" encoding="UTF-8"?>
<record
    xmlns:xsi="http://www.w3.org/2001/XMLSchema-instance"
    xsi:schemaLocation="http://www.loc.gov/MARC21/slim http://www.loc.gov/standards/marcxml/schema/MARC21slim.xsd"
    xmlns="http://www.loc.gov/MARC21/slim">

  <leader>06416nam a22004217a 4500</leader>
  <controlfield tag="001">BRCA_8628</controlfield>
  <controlfield tag="002">LM-35</controlfield>
  <controlfield tag="003">FranzMayer</controlfield>
  <controlfield tag="005">20260401112357.0</controlfield>
  <controlfield tag="008">260401s1778    sp ||||gr|||| 001 | sp  d</controlfield>
  <datafield tag="040" ind1=" " ind2=" ">
    <subfield code="a">BMFM</subfield>
    <subfield code="b">spa</subfield>
  </datafield>
  <datafield tag="041" ind1="0" ind2=" ">
    <subfield code="a">spa</subfield>
  </datafield>
  <datafield tag="050" ind1=" " ind2="0">
    <subfield code="a">RS177.57</subfield>
    <subfield code="b">.P35 1778</subfield>
  </datafield>
  <datafield tag="100" ind1="1" ind2=" ">
    <subfield code="a">Palacios, Felix</subfield>
    <subfield code="d">(1677-1737)</subfield>
    <subfield code="9">21271</subfield>
  </datafield>
  <datafield tag="245" ind1="1" ind2="0">
    <subfield code="a">Palestra Farmaceutica chimico-galenica / </subfield>
    <subfield code="c">Felix Palacios</subfield>
  </datafield>
  <datafield tag="246" ind1="1" ind2="3">
    <subfield code="a">Palestra farmac&#xE9;utica qu&#xED;mico-gal&#xE9;nica</subfield>
  </datafield>
  <datafield tag="260" ind1=" " ind2=" ">
    <subfield code="a">Madrid, Espa&#xF1;a :</subfield>
    <subfield code="b">Joaqu&#xED;n Ibarra ;</subfield>
    <subfield code="c">1778</subfield>
  </datafield>
  <datafield tag="300" ind1=" " ind2=" ">
    <subfield code="a">[20], 736 p&#xE1;ginas :</subfield>
    <subfield code="b">calcograf&#xED;as ;</subfield>
    <subfield code="c">32 x 22.5 x 6.5 cm </subfield>
  </datafield>
  <datafield tag="500" ind1=" " ind2=" ">
    <subfield code="a">Fecha completa de publicaci&#xF3;n: 09/01/1778</subfield>
  </datafield>
  <datafield tag="520" ind1="3" ind2=" ">
    <subfield code="a">Dividida en cinco partes, esta obra aborda la selecci&#xF3;n, preparaci&#xF3;n y aplicaci&#xF3;n de medicamentos, conforme a las doctrinas qu&#xED;micas y gal&#xE9;nicas, integrando conocimientos tanto antiguos como modernos. Ofrece una descripci&#xF3;n detallada de diversas preparaciones farmac&#xE9;uticas utilizadas en Europa y est&#xE1; dirigida a m&#xE9;dicos, cirujanos, boticarios y otros profesionales de la salud de la &#xE9;poca.</subfield>
    <subfield code="b">Fue impresa por Joaqu&#xED;n Ibarra y Mar&#xED;n, uno de los impresores m&#xE1;s renombrados del siglo XVII. Su autor, D. F&#xE9;lix Palacios,fue boticario mayor de las Reales Boticas de S. M. en la ciudad de Alcal&#xE1; la Real, lo que da cuenta de su experiencia profesional en el ambito farmac&#xE9;utico y del car&#xE1;cter oficial de esta publicaci&#xF3;n. La edici&#xF3;n incluye un &#x201C;Discurso preliminar a la Pharmacia&#x201D;, en el que el autor responde a las cr&#xED;ticas de sus detractores y expone su visi&#xF3;n cient&#xED;fica, defendiendo la incorporaci&#xF3;n de la qu&#xED;mica a la pr&#xE1;ctica farmac&#xE9;utica. Tambi&#xE9;n presenta varias l&#xE1;minas con ilustraciones de vasijas, hornos e instrumentos utilizados en la preparaci&#xF3;n de medicamentos qu&#xED;micos. </subfield>
  </datafield>
  <datafield tag="563" ind1=" " ind2=" ">
    <subfield code="a">Otras referencias f&#xED;sicas: Encuadernaci&#xF3;n entera en pergamino. El cuerpo del libro est&#xE1; formado por pulpa de trapo, hecho a mano, con marcas de verjurado y marcas de agua. El cuerpo del libro se volvi&#xF3; a coser durante la reencuadernaci&#xF3;n. Est&#xE1; unido por cuadernillos unidos mediante costura alternada sobre tres soportes elevados y dobles de piel alumada; las prolongaciones de los soportes se usaron para unir el cuerpo a la cartera. Hojas de guarda repuestas. Lomera ligeramente redonda con endoses transversales de papel en todos los paneles. Cabezadas repuestas tejidas con hilo azul y blanco con almas de piel alumada y prolongaciones enlazadas a la cartera. Cantos refinados. Soportes de las tapas de cart&#xF3;n. Texto impreso</subfield>
  </datafield>
  <datafield tag="591" ind1=" " ind2=" ">
    <subfield code="a">Estado de Conservaci&#xF3;n: Bueno</subfield>
  </datafield>
  <datafield tag="591" ind1=" " ind2=" ">
    <subfield code="b">Descripci&#xF3;n de conservaci&#xF3;n: Reencuadernado e intervenido.  Las hojas del cuerpo tienen refuerzos y algunas fueron laminadas; la costura, los endoses, las cabezadas, las hojas de guarda y la cartera se hicieron durante la reencuadernaci&#xF3;n. Suciedad m&#xED;nima y galer&#xED;as de insectos</subfield>
  </datafield>
  <datafield tag="592" ind1=" " ind2=" ">
    <subfield code="a">Marcas Adicionales: Resto del t&#xED;tulo e informaci&#xF3;n en portada: &lt;&lt;&lt;en la qual se trata de la eleccion de los sim [ples] sus Preparaciones Chimicas, y Gal&#xE9;nicas, y de las mas selectas [de]cisiones antiguas, y modernas, usuales, tanto en Madrid, como Europa, descritas por los Antiguos, y Modernos, con las [...] necesarias, y  mas nuevas, que hasta lo presente se ha [cen] cantes &#xE1; su perfecta elaboracion, virtudes, y [...] en los Enfermos. Obra muy util, y necesaria para todos [...] de la Medicina, M&#xE9;dicos, Cirujanos, y en particular [...] en esta &#xFA;ltima impresi&#xF3;n&gt;&gt;&lt;&lt;Al se&#xF1;or doctor Don [...] Proto-m&#xE9;dico de los Reales Ej&#xE9;rcitos, [...] Presidente de la R&#xE9;gia Sociedad [...] Y del Real Proto-Medicato, primer [...] De D. Felipe V, y de su [...]&gt;&gt;. Marca tipograf&#xED;ca del impresor en la portada. Dedicatoria a Doctor Don Juan Higgins ([1] p&#xE1;gina). Licencia de impresi&#xF3;n otorgada a Joaquin Ibarra: &lt;&lt;Don Antonio Martinez Salazar, del Consejo de S. M. su Secretario Contador de Resultas, Escribano de C&#xE1;mara mas antiguo, y de Gobierno del Consejo: Certifico, que por los Se&#xF1;ores de &#xE9;l se ha concebido Licencia &#xE1; D. Joachin Ibarra, Impresor de C&#xE1;mara de S. M. para que por una vez pueda reimpimir, y vender el libro intitulado: Palestra Farmac&#xE9;utica Ch&#xED;mico-Gal&#xE9;nica, con tal que sea en papel fino, y buena estampa, y por el exemplar, que v&#xE1; rubricado, y firmado en la primera, y &#xFA;ltima foja por mi, y las demas por D. Vicente Camacho, Oficial segundo de la Escriban&#xED;a de C&#xE1;m&#xE1;ra de Gobierno del Consejo, &#xE1; cuyo cargo esta el despacho de esta comisi&#xF3;n, guardando en la reimpresi&#xF3;n lo prevenido, y despuesto en las Leyes , y Pragm&#xE1;ticas de estos Reynos, presentados al Se&#xF1;or Juez de Imprentas, &#xF3; persona que nombre el papel en que se haya de executar, entregando un exemplar impreso en la Real Biblioteca de S. M. otro en la del Escorial, y trayendo tres al Consejo, junto con el que sirve de original para darles el destino que esta prevenido; y sin que resulte haberlo cumplido, el Impresor no entregue la Obra, ni se proceda &#xE1; su venta pena de ser denunciada. Y para que conste doy la presente, que firmo en Madrid &#xE1; nueve de Enero de mil setecientos setenta y ocho.&gt;&gt;  (p&#xE1;gina [6]).  Aprobaci&#xF3;n del padre D. Josef Losada Y Somoza (p&#xE1;gina [2]). Incluye: &lt;&lt;Explicaci&#xF3;n de las laminas, en donde se hallan los hornos, vasos, y varios instrumentos ch&#xED;mico-farmec&#xE9;uticos, necesarios para las operaciones&gt;&gt; (p&#xE1;gina [8]). Contiene una tabla de los capitulos de la obra (p&#xE1;ginas [9] y [10]). Incluye:  &lt;&lt;Explicacion de los mas comunes caracteres ch&#xED;micos&gt;&gt; (p&#xE1;gina [11]). Cuatro l&#xE1;minas calcogr&#xE1;ficas . Incluye indice: &lt;&lt;De las cosas mas memorables contenidas en esta obra&gt;&gt; (p&#xE1;gina 709). Texto dividido en dos columnas con apostillas marginales y reclamos</subfield>
  </datafield>
  <datafield tag="593" ind1=" " ind2=" ">
    <subfield code="a">Colecci&#xF3;n adicional: Tratados, compendios y manuales </subfield>
  </datafield>
  <datafield tag="650" ind1="1" ind2="0">
    <subfield code="a">Pharmacy</subfield>
    <subfield code="x">history</subfield>
    <subfield code="9">30129</subfield>
  </datafield>
  <datafield tag="650" ind1="1" ind2="0">
    <subfield code="a">Pharmacy</subfield>
    <subfield code="y">Early works to 1800</subfield>
    <subfield code="9">30130</subfield>
  </datafield>
  <datafield tag="650" ind1="1" ind2="0">
    <subfield code="a">Medicine</subfield>
    <subfield code="y">Early works to 1800</subfield>
    <subfield code="9">30131</subfield>
  </datafield>
  <datafield tag="650" ind1="1" ind2="0">
    <subfield code="a">Medicine</subfield>
    <subfield code="x">Galenic medicine</subfield>
    <subfield code="9">30132</subfield>
  </datafield>
  <datafield tag="650" ind1="1" ind2="0">
    <subfield code="a">Pharmacopoeias</subfield>
    <subfield code="x">History</subfield>
    <subfield code="9">30133</subfield>
  </datafield>
  <datafield tag="650" ind1="1" ind2="0">
    <subfield code="a">Pharmacopoeias</subfield>
    <subfield code="y">Early works to 1800</subfield>
    <subfield code="z">Spain</subfield>
    <subfield code="9">30134</subfield>
  </datafield>
  <datafield tag="650" ind1="1" ind2="0">
    <subfield code="a">Pharmacists</subfield>
    <subfield code="x">History</subfield>
    <subfield code="z">Spain</subfield>
    <subfield code="9">30135</subfield>
  </datafield>
  <datafield tag="700" ind1="1" ind2=" ">
    <subfield code="a">Ibarra, Joaqu&#xED;n</subfield>
    <subfield code="d">(1725-1785)</subfield>
    <subfield code="e">impresor</subfield>
    <subfield code="9">21271</subfield>
  </datafield>
  <datafield tag="856" ind1="4" ind2="1">
    <subfield code="q">TIF//PDF</subfield>
    <subfield code="u">https://bibliotecadigital.franzmayer.org.mx/items/2e24aef5-3750-40ec-b5e9-c5c89393d33c</subfield>
    <subfield code="y">Biblioteca Museo Franz Mayer </subfield>
  </datafield>
  <datafield tag="902" ind1=" " ind2=" ">
    <subfield code="a">KH</subfield>
    <subfield code="a">FM</subfield>
    <subfield code="a">TV</subfield>
  </datafield>
  <datafield tag="942" ind1=" " ind2=" ">
    <subfield code="2">lcc</subfield>
    <subfield code="c">B</subfield>
  </datafield>
  <datafield tag="960" ind1=" " ind2=" ">
    <subfield code="a">CS-L3-N3</subfield>
  </datafield>
  <datafield tag="999" ind1=" " ind2=" ">
    <subfield code="c">11111</subfield>
    <subfield code="d">11111</subfield>
  </datafield>
  <datafield tag="952" ind1=" " ind2=" ">
    <subfield code="a">BRCA</subfield>
    <subfield code="b">BRCA</subfield>
    <subfield code="f">CS-L3-N3</subfield>
    <subfield code="i">LM-35</subfield>
    <subfield code="l">0</subfield>
    <subfield code="o">RS177.57 .P35 1778</subfield>
    <subfield code="p">LAR00132</subfield>
    <subfield code="r">2026-04-01 11:17:00</subfield>
    <subfield code="y">B</subfield>
    <subfield code="0">0</subfield>
    <subfield code="1">0</subfield>
    <subfield code="2">lcc</subfield>
    <subfield code="5">2</subfield>
    <subfield code="7">0</subfield>
    <subfield code="8">LAR</subfield>
  </datafield>
</record>
